Statistics for Countries With The Most Slaves

Click here to take the quiz!

General Stats

  • This quiz has been taken 91 times
  • The average score is 6 of 10

Answer Stats

Number Of SlavesCountry% Correct
3,400,000China
92%
18,400,000India
89%
2,100,000Pakistan
74%
1,000,000Russia
68%
880,000Nigeria
67%
1,500,000Bangladesh
64%
740,000Indonesia
63%
570,000Egypt
53%
1,100,000North Korea
52%
1,200,000Uzbekistan
10%

Score Distribution

Percentile by Number Answered

Percent of People with Each Score

Your Score History

You have not taken this quiz